Pokémon que empiezan por la letra S - Estadísticas

Estadísticas generales
  • Esta prueba ha sido intentada 23 veces
  • La puntuación promedio es 47 de 129
Estadísticas de respuestas
Gen Tipo Nombre % Correcto
III Dragon/Volador Salamence
75%
I Tierra Sandslash
75%
I Tierra Sandshrew
69%
I Agua/Psíquico Starmie
69%
I Agua Staryu
69%
II Bicho/Acero Scizor
63%
I Bicho/Volador Scyther
63%
I Agua Seaking
63%
I Agua Seel
63%
V Planta Serperior
63%
I Agua Squirtle
63%
IV Normal/Volador Staraptor
63%
IV Normal/Volador Staravia
63%
V Planta Servine
56%
III Veneno Seviper
56%
III Bicho/Fantasma Shedinja
56%
V Fuego Simisear
56%
III Normal Slaking
56%
I Agua/Psíquico Slowbro
56%
II Agua/Psíquico Slowking
56%
V Planta Snivy
56%
I Normal Snorlax
56%
I Normal/Volador Spearow
56%
IV Normal/Volador Starly
56%
III Normal/Volador Swablu
56%
I Agua Seadra
50%
I Agua Shellder
50%
IV Eléctrico Shinx
50%
III Normal Slakoth
50%
I Agua/Psíquico Slowpoke
50%
II Siniestro/Hielo Sneasel
50%
III Roca/Psiquico Solrock
50%
II Hielo/Tierra Swinub
50%
VII Fuego/Veneno Salandit
44%
VII Fuego/Veneno Salazzle
44%
V Tierra/Siniestro Sandile
44%
III Planta Sceptile
44%
V Lucha/Siniestro Scraggy
44%
III Agua/Siniestro Sharpedo
44%
III Planta/Siniestro Shiftry
44%
V Agua Simipour
44%
VII Psíquico/Acero Solgaleo
44%
II Acero/Tierra Steelix
44%
III Bicho/Agua Surskit
44%
III Normal/Volador Swellow
44%
III Siniestro/Fantasma Sableye
38%
V Lucha Sawk
38%
V Lucha/Siniestro Scrafty
38%
IV Planta - Planta/Volador Shaymin
38%
III Dragon Shelgon
38%
III Fantasma Shuppet
38%
III Bicho Silcoon
38%
V Planta Simisage
38%
II Acero/Volador Skarmory
38%
IV Hielo/Planta Snover
38%
III Normal Spinda
38%
IV Siniestro/Fantasma Spiritomb
38%
V Tierra/Eléctrico Stunfisk
38%
II Agua Suicune
38%
II Planta Sunflora
38%
II Planta Sunkern
38%
V Bicho/Planta Swadloon
38%
III Agua/Tierra Swampert
38%
V Psíquico/Volador Swoobat
38%
V Agua Samurott
31%
VIII Tierra Sandaconda
31%
V Planta/Normal Sawsbuck
31%
V Bicho/Veneno Scolipede
31%
IX Planta/Fuego Scovillain
31%
III Hielo/Agua Sealeo
31%
III Planta Seedot
31%
V Agua/Tierra Seismitoad
31%
II Normal Sentret
31%
V Bicho/Planta Sewaddle
31%
IV Roca/Acero Shieldon
31%
VIII Fantasma Sinistea
31%
IX Fuego/Fantasma Skeledirge
31%
VI Planta Skiddo
31%
II Planta Volador Skiploom
31%
IV Veneno/Siniestro Skuntank
31%
II Fuego Slugma
31%
II Hielo/Psíquico Smoochum
31%
VIII Lucha/Veneno Sneasler
31%
III Hielo Snorunt
31%
VI Bicho Spewpa
31%
III Psíquico Spoink
31%
VII Roca/Acero Stakataka
31%
II Normal Stantler
31%
IV Veneno/Siniestro Stunky
31%
II Roca Sudowoodo
31%
III Veneno Swalot
31%
V Agua/Volador Swanna
31%
VI Hada Sylveon
31%
IV Agua Shellos
25%
III Planta Shroomish
25%
V Psíquico/Volador Sigilyph
25%
IX Planta/Fantasma Sinistcha
25%
III Normal Skitty
25%
IX Planta/Normal Smoliv
25%
VIII Hielo/Bicho Snom
25%
II Hada Snubbull
25%
V Psíquico Solosis
25%
IX Planta Sprigatito
25%
VI Hada Swirlix
25%
VII Tierra/Fantasma Sandygast
19%
VIII Fuego Scorbunny
19%
VII Planta/Hada Shiinotic
19%
II Bicho/Roca Shuckle
19%
VIII Fuego/Bicho Sizzlipede
19%
VI Veneno/Agua Skrelp
19%
VI Dragon Sliggoo
19%
VI Hada Slurpuff
19%
II Normal Smeargle
19%
II Bicho/Veneno Spinarak
19%
VI Hada Spritzee
19%
IX Normal/Volador Squawkabilly
19%
VIII Roca Stonjourner
19%
V Bicho Shelmet
13%
IX Veneno/Normal Shroodle
13%
VIII Tierra Silicobra
13%
VII Normal Silvally
13%
IV Veneno/BIcho Skorupi
13%
VIII Normal Skwovet
13%
VIII Agua Sobble
13%
IX Bicho Spidops
13%
VII Planta Steenee
13%
VII Normal/Lucha Stufful
13%
VIII Lucha Sirfetch´d
6%
VIII Fantasma Spectrier
6%
No se encontraron pruebas coincidentes
Distribución de puntuación
Porcentaje de gente con cada puntuación
Porcentaje por número respondido
Historial de tus puntuaciones
No has intentado esta prueba.